Score 0/30 Timer 05:00
1 Play Today
% Correct
Possible
94.8%
Personal
93.5%
Patrick
93.2%
Parental
92.1%
Professional
92%
Public
90.3%
Press
89.7%
Procedure
88.1%
Perception
88%
President
87.7%
Papilloma
87.4%
Palestine
83.9%
Point
83.4%
Police
82.3%
Phylum
82%
% Correct
Party
79.9%
Pabst
78.4%
Parcel
77.2%
Post
77.2%
Pilots
74.5%
Preparedness
73.9%
Paralympic
66.9%
Programming
62.3%
Percentage
55.1%
Photographic
53.8%
Page
52.5%
Purchasing
49.9%
Particulate
47%
Pure
38.4%
Paramount
38.2%
Remove Ads.
Support Sporcle.
Get the best of Sporcle when you Go Orange. This ad-free experience offers more features, more stats, and more fun while also helping to support Sporcle. Thank you for becoming a member.

You're not logged in!

Compare scores with friends on all Sporcle quizzes.
OR
Log In

Show Comments

Extras

Top Quizzes Today


Score Distribution

Your Account Isn't Verified!

In order to create a playlist on Sporcle, you need to verify the email address you used during registration. Go to your Sporcle Settings to finish the process.

Report this User

Report this user for behavior that violates our Community Guidelines.

Details: